The horse and his boy. (Record no. 233303)

000 -LEADER
fixed length control field 00711cam a22002291 4500
001 - CONTROL NUMBER
control field 6048433
003 - CONTROL NUMBER IDENTIFIER
control field Nust
005 - DATE AND TIME OF LATEST TRANSACTION
control field 20170306155600.0
008 - FIXED-LENGTH DATA ELEMENTS--GENERAL INFORMATION
fixed length control field 770314s1954 enka 000 1 eng
010 ## - LIBRARY OF CONGRESS CONTROL NUMBER
LC control number 54037158
015 ## - NATIONAL BIBLIOGRAPHY NUMBER
National bibliography number GB54-11549
020 ## - INTERNATIONAL STANDARD BOOK NUMBER
International Standard Book Number 9780007115594
035 ## - SYSTEM CONTROL NUMBER
System control number (OCoLC)2801054
040 ## - CATALOGING SOURCE
Original cataloging agency DLC
Transcribing agency ScU
Modifying agency Uk
-- DLC
042 ## - AUTHENTICATION CODE
Authentication code premarc
050 00 - LIBRARY OF CONGRESS CALL NUMBER
Classification number PZ8.L48
Item number Ho
082 ## - DEWEY DECIMAL CLASSIFICATION NUMBER
Classification number 823.912
Author Mark LEW
100 1# - MAIN ENTRY--PERSONAL NAME
Personal name Lewis, C. S.
Fuller form of name (Clive Staples),
Dates associated with a name 1898-1963
245 14 - TITLE STATEMENT
Title The horse and his boy.
Statement of responsibility, etc. With illus. by Pauline Baynes.
260 ## - PUBLICATION, DISTRIBUTION, ETC.
Place of publication, distribution, etc. London,
Name of publisher, distributor, etc. G. Bles
Date of publication, distribution, etc. 1954
300 ## - PHYSICAL DESCRIPTION
Extent 239 p.
Other physical details illus.
Dimensions 21 cm.
906 ## - LOCAL DATA ELEMENT F, LDF (RLIN)
a 7
b cbc
c oclcrpl
d u
e ncip
f 19
g y-gencatlg
942 ## - ADDED ENTRY ELEMENTS (KOHA)
Source of classification or shelving scheme
Koha item type Book
Holdings
Withdrawn status Lost status Source of classification or shelving scheme Damaged status Not for loan Collection code Permanent Location Current Location Shelving location Date acquired Total Checkouts Full call number Barcode Date last seen Date last checked out Copy number Price effective from Koha item type
            Central Library (CL) Central Library (CL) Fiction 03/06/2017 1 823.912 LEW CL773 01/02/2020 10/18/2019 1 03/06/2017 Book
© 2023 Central Library, National University of Sciences and Technology. All Rights Reserved.